Kluby w Ekstraklasie - nagła śmierć - Statystyki

Ogólne statystyki
  • Ten quiz został rozwiązany 157 razy
  • Średni wynik to 9 z 12
Answers on the Grid
Answers color-coded by a green-red scale on the quiz's grid according to % correct below.
Arka Gdynia
Bruk-Bet Termalica
Cracovia
GKS Tychy
Górnik Łęczna
Jagiellonia
Lech Poznań
Lechia Gdańsk
Legia Warszawa
ŁKS
Motor Lublin
Odra Opole
Polonia Warszawa
Puszcza Niepołomice
Radomiak Radom
Ruch Chorzów
Sandecja
Stal Mielec
Śląsk Wrocław
Wisła Płock
Warta Poznań
Widzew Łódź
Wisła Kraków
Zagłębie Lubin
 
Statystyki odpowiedzi
Odpowiedź % Poprawnych
Lech Poznań
87%
Jagiellonia
82%
Legia Warszawa
81%
Cracovia
79%
Arka Gdynia
78%
Bruk-Bet Termalica
75%
Lechia Gdańsk
74%
Motor Lublin
72%
Radomiak Radom
65%
Wisła Płock
58%
Zagłębie Lubin
55%
Widzew Łódź
54%
Nie znaleziono quizów pasujących do podanych kryteriów
Rozkład punktacji
Procent ludzi z każdym wynikiem
Percentyl według liczby udzielonych odpowiedzi
Twoja historia wyników
Nie rozwiązałeś tego quizu